000 00403nam a2200181Ia 4500
008 240509s9999 xx 000 0 und d
020 _a955963142X
041 _aEng
082 _a150
082 _bS15
100 _aSAMARASINGHE, Sumanadasa
245 0 _aMinis Hithe Haskam 3
260 _bColombo :Gayani Samarasinghe
260 _c1978
300 _a97 p.
942 _2ddc
942 _cLBK
999 _c23258
_d23258
945 _a1
_bMadushi Gamage
_c1
_dMadushi Gamage